Billie Eilish songs in Spotify's BILLIONS CLUB - Statistics

General Stats
  • This quiz has been taken 509 times
    313 since last reset
  • The average score is 8 of 12
Answer Stats
Date Song % Correct
December 2019 bad guy
96%
september 2024 BIRDS OF A FEATHER
89%
May 2023 Happier Than Ever
86%
May 2020 lovely
82%
December 2022 ocean eyes
80%
October 2020 when the party's over
68%
August 2024 What Was I Made For?
63%
January 2022 everything i wanted
60%
April 2024 bury a friend
58%
August 2024 bellyache
49%
November 2023 idontwannabeyouanymore
48%
August 2024 Bored
39%
No matching quizzes found
Score Distribution
Percent of People with Each Score
Percentile by Number Answered
Your Score History
You have not taken this quiz since the last reset